000 01058nam a22002417a 4500
003 DO-SdBNP
005 20160413114926.0
008 160413b1989 dr||||| |||| 00| 0 spa d
040 _aBPMSU
_bspa
_cBPMSU
092 _a373.7 M425n 9no. 1989
245 _aMatemática 9 :
_balgebra /
_cRita Abbott ... [et. al.]
246 _aMatemática 9
260 _aSanto Domingo :
_bRex,
_c1989
300 _a188 p. :
_bil. : 26 cm
505 _tLa logica del algebra
_tOperaciones con polinomio sobre z y q
_tEcuaciones lineales problemas del primer grado
_tExpresiones notables del algebra
_tTeoría de la factoria sobre z y q
_tLa ecuación cuadratica
_tEl algebra de las expresiones racionales
_tEl algebra sobre r
_tFunciones lineales simultaneas
650 4 _aMATEMÁTICAS
_xENSEÑANZA SECUNDARIA
650 _aEDUCACIÓN SECUNDARIA
_zREPÚBLICA DOMINICANA
650 4 _aMATEMÁTICAS
_xESTUDIOS Y EJERCICIOS
650 4 _aMATEMÁTICAS
_xLIBROS DE TEXTOS
910 _aValidado. Control de calidad MFF
942 _2ddc
_cBK
956 _adaysi garcia
999 _c9723
_d9723